000 00470nam a2200181Ia 4500
005 20250326141839.0
008 250326s9999 xx 000 0 und d
037 _aTextbook
040 _aFMSL
_beng
_cFMSL
041 _aeng
_2eng
084 _qFMSL
100 _aZimmerman M
_9745160
245 0 _aDealing with the Japanese
_cZimmerman M
260 _aLondon
_bLondon, George allen & Unwin
_c1985
300 _a331p
942 _cTB
999 _c1292263
_d1292263